000 00522nam a22001697a 4500
003 BD-DhUL
005 20210926122359.0
008 180530snd. ii ||||| |||| 00| 0 urd d
040 _aBD-DhUL
_cBD-DhUL
082 _a891.43109
_bABM
100 0 _aعابد عبد علی
245 1 _aمضامین عابد :
_cعابد عبد علی
_b حصٔہ ۱-۲ /
260 _aدھلی :
_bکتابی ذھا،
_c۔
300 _a حصٔہ ۱-۲ ؛
_c۲۰ سم۔
650 0 _aUrdu poetry - History and criticism
942 _2ddc
_cBK
999 _c241751
_d241751